000 01071nam a22003137a 4500
001 6248
003 FISKH
005 20250404113907.0
008 250404b cb ||||| |||| 00| 0 eng d
020 _a9780545492928
040 _aDLC
_cDLC
_dDLC
_beng
050 _aPZ7.B52285 S
082 _a813.6
100 1 _aBirney, Betty G.
_d(1947-)
245 1 0 _aSchool days according to Humphrey /
_cBetty G. Birney.
250 _aThis edition first published in 2012
260 _aNew York :
_bScholastic,
_c2011.
300 _a151 pages :
_c2o cm
490 0 _aHumphrey adventures ;
_v7
505 _aN
520 _aHumphrey the hamster is puzzled when unfamiliar students fill Mrs. Brisbane's classroom at summer's end, but he soon learns that his friends from last year are fine and that the new class needs his special help.
521 8 _a540
_bLexile
521 8 _aN
_bRaz-Plus
650 1 _aSchools
_vFiction.
650 1 _aHamsters
_vFiction.
650 1 _aFrogs
_vFiction.
906 _a7
_bcbc
_corignew
_d1
_eecip
_f20
_gy-gencatlg
942 _2ddc
_cBK
_n0
999 _c6248
_d6248